| 000 | 00939cam a22002655a 4500 | ||
|---|---|---|---|
| 005 | 20091103014612.0 | ||
| 008 | 090911s2009 ii ab b 100 0 eng d | ||
| 010 | _aENG-95334 | ||
| 020 |
_a8176483656 _c700.00 |
||
| 035 | _aEN-78867 | ||
| 037 | _aDBAD/PUB | ||
| 040 |
_aDPL _beng |
||
| 082 | _a372 | ||
| 100 | _aNayak, A. K. | ||
| 245 |
_aPrimary education _cby A.K. Nayak [and] V.K. Rao |
||
| 260 |
_aNew Delhi : _bAPH Publishing Corporation _c2009. |
||
| 270 |
_a4435-36/7. Ansari road, Darya Ganj _bNew Delhi _e110002 |
||
| 300 |
_avi, 315p. _c22 cm. (Hb) |
||
| 500 | _aIncludes index | ||
| 520 | _aContributed articles. | ||
| 700 | _aRao, V.K. | ||
| 942 |
_2ddc _cEN _mNAY _h372 |
||
| 999 |
_c31392 _d31392 |
||